Gaming Quiz

Random Gaming or Pokémon Quiz

Pokémon Energy Types Quiz Stats

 Plays Quiz Updated Mar 6, 2020

Support Sporcle.
Go Orange.
Score 0/9 Timer 02:00
6 Plays Today
% Correct
Water
97.8%
Fire
97.3%
Grass
93.3%
Lightning
83.2%
Psychic
77.9%
Darkness
73.3%
Fighting
71.1%
Fairy
66.7%
Metal
65.8%

From the Vault

Small European Countries' Neighbors

by teggers

Geography 90s
The good thing about living in a small country is that you don't have to travel far to visit your neighbors.
Remove Ads.
Support Sporcle.
Get the best of Sporcle when you Go Orange. This ad-free experience offers more features, more stats, and more fun while also helping to support Sporcle. Thank you for becoming a member.

Show Comments

Extras

Top Quizzes Today


Score Distribution

Your Account Isn't Verified!

In order to create a playlist on Sporcle, you need to verify the email address you used during registration. Go to your Sporcle Settings to finish the process.

Report this User

Report this user for behavior that violates our Community Guidelines.

Details: